| 000 | 00428 a2200169 4500 | ||
|---|---|---|---|
| 003 | Nust | ||
| 005 | 20231003173432.0 | ||
| 008 | 170227b xxu||||| |||| 00| 0 eng d | ||
| 020 | _a9789693702477 | ||
| 040 | _c0 | ||
| 082 |
_a428.1 _bMAL |
||
| 100 |
_aIjaz Ilahi Malik _9118319 |
||
| 245 | _aEssential english vocabulary | ||
| 260 |
_aIslamabad _bNational Book Foundation _c2007 |
||
| 300 | _a394p | ||
| 942 |
_cBK _k428.1 _2ddc |
||
| 999 |
_c232972 _d232972 |
||